00592nam a2200193 a 4500001001300000003000900013005001700022008004100039020002300080082001700103100002500120245008100145260004600226300001000272500003500282505001700317650003900334700002500373nice12345678IN_TiNIC20260116013135.0050524s1993 newa grp 000 0 eng  a0824564 c7.300a291.172bMCI aMcinnes, Val Ambrose aNew Visionsb Hostorical and Theological Perspectives on the Jewish-Christia aNew YorkbCross Road Publishing Co.c1993 a165p. aincludes index and biblioraphy2 aIndex, Notes aInterfaith Dialogue-Christian Jews1 aMcinnes, Val Ambrose